[Event "Sao Paulo zt"]
[Site "Sao Paulo"]
[Date "1998.??.??"]
[Round "2"]
[White "Berrocal, Jorge"]
[Black "Rocha, Wellington Carlos"]
[Result "1/2-1/2"]
[WhiteElo "2275"]
[BlackElo "2315"]

1.Nf3 Nf6 2.c4 g6 3.Nc3 Bg7 4.e4 d6 5.d4 O-O 6.Be2 e5 7.d5 a5 8.O-O Na6 9.Bg5 h6
10.Bh4 Qe8 11.Nd2 Nh7 12.a3 Bd7 13.b3 h5 14.f3 Bh6 15.Qc2 Nc5 16.Rab1 Be3+
17.Kh1 f5 18.b4 axb4 19.axb4 Na4 20.Nd1 Bxd2 21.Qxd2 f4 22.Rc1 g5 23.Bf2 Nf6
24.g3 Qg6 25.Qd3 g4 26.gxf4 exf4 27.Bh4 Rae8 28.Nf2 Kh8 29.Rg1 Qh6 30.Qd4 Kh7
31.c5 g3 32.Nd3 Nxe4 33.fxe4 f3 34.Bxf3 Rxf3 35.Rxg3 Rxd3 36.Qxd3 Qxc1+ 37.Rg1 Qc3
38.Qf1 Bg4 39.Rxg4 hxg4 40.Qf7+ Kh6 41.Qxe8 Qf3+ 42.Kg1 Qd1+  1/2-1/2

[Event "ECI IMJ 25th"]
[Site "Sas Van Gent"]
[Date "1998.??.??"]
[Round "1"]
[White "Goormachtigh, Johan"]
[Black "Adamski, Andrzej"]
[Result "1-0"]
[WhiteElo "2280"]
[BlackElo "2335"]

1.d4 d6 2.Nf3 g6 3.c4 Nf6 4.Nc3 Bg7 5.e4 O-O 6.Be2 Nbd7 7.O-O e5 8.Be3 h6
9.dxe5 dxe5 10.Nd2 b6 11.Qa4 Bb7 12.Rad1 c6 13.Nb3 Qc7 14.Rd2 Rfe8 15.Rfd1 Bf8
16.h3 Red8 17.g3 Kg7 18.Bf1 Be7 19.Bg2 Nf8 20.Rxd8 Bxd8 21.Nc1 Ne6 22.Qc2 Be7
23.Nb3 Rh8 24.Ne2 a5 25.a4 Nd7 26.h4 c5 27.Nbc1 Nd4 28.Qd2 Nf6 29.Nc3 Qd7
30.b3 Qg4 31.Nd5 Bd8 32.Bxd4 cxd4 33.Re1 Re8 34.Nd3 Qe6 35.f3 Qd6 36.Bh3 Nd7
37.f4 exf4 38.Bxd7 Qxd7 39.N3xf4 Qg4 40.Qxd4+ Kg8 41.Kh2 Bxd5 42.Nxd5 g5
43.Nf6+ Bxf6 44.Qxf6 Re6 45.Qd8+ Kg7 46.Qd4+ Kg6 47.Qd1 Qxd1 48.Rxd1 gxh4
49.gxh4 f6 50.Rd5 h5 51.Rb5 Rxe4 52.Rxb6 Rxh4+ 53.Kg3 Rd4 54.c5 Kg5 55.c6 Rd3+
56.Kf2 f5 57.b4 Kf4 58.bxa5 Rd2+ 59.Ke1 Rc2 60.a6 Ke3 61.Rb3+  1-0

[Event "ECI IMJ 25th"]
[Site "Sas Van Gent"]
[Date "1998.??.??"]
[Round "2"]
[White "Janssen, Ruud"]
[Black "Sepp, Olav"]
[Result "1-0"]
[WhiteElo "2345"]
[BlackElo "2380"]

1.Nf3 Nf6 2.c4 g6 3.Nc3 Bg7 4.e4 d6 5.d4 O-O 6.Be2 e5 7.O-O Na6 8.Be3 Ng4
9.Bg5 Qe8 10.h3 exd4 11.Nd5 f6 12.Bf4 Ne5 13.Nxd4 c6 14.Nc3 Qf7 15.b3 f5
16.exf5 Bxf5 17.Nxf5 Qxf5 18.Be3 Nf7 19.Rc1 Qa5 20.Qd2 Rae8 21.Bd3 Nc5 22.Bb1 Re6
23.Bd4 Bh6 24.f4 Nd8 25.g4 Re7 26.g5 Bg7 27.Bxg7 Rxg7 28.Qxd6 Qb6 29.Kh1 Rd7
30.Qe5 Nf7 31.Qe3 Nd6 32.Rce1 Rdf7 33.Kg2 Qb4 34.h4 Re8 35.Qd4 Ne6 36.Qd2 Qc5
37.Na4 Qd4 38.Qxd4 Nxd4 39.Rxe8+ Nxe8 40.Nc3 Ng7 41.Kg3 Nh5+ 42.Kg4 Re7 43.Be4 Ng7
44.Rd1 Ngf5 45.Bxf5 Nxf5 46.Rd3 Re1 47.h5 Rg1+ 48.Kf3 gxh5 49.Ke4 Ne7 50.Ke5 Ng6+
51.Kf6 Nf8 52.Ne4 Re1 53.Nc5 b6 54.Nd7 Re8 55.Kf5 Nxd7 56.Rxd7 Rf8+ 57.Ke4 h4
58.Kf3 h3 59.Rd6 c5 60.Rh6 Rd8 61.Rxh3 Rd2 62.a4 Kg7 63.Kg4 Rf2 64.Rd3 Rg2+
65.Kf5 Re2 66.Rd7+  1-0

[Event "ECI IMJ 25th"]
[Site "Sas Van Gent"]
[Date "1998.??.??"]
[Round "3"]
[White "Vanderstricht, Geert"]
[Black "Adamski, Andrzej"]
[Result "0-1"]
[WhiteElo "2355"]
[BlackElo "2335"]

1.d4 d6 2.c4 g6 3.Nc3 Bg7 4.e4 Nf6 5.Nf3 Nbd7 6.Be2 O-O 7.O-O e5 8.Be3 h6
9.h3 Re8 10.d5 Nc5 11.Nd2 a5 12.a3 a4 13.Bxc5 dxc5 14.Nxa4 Bf8 15.Nc3 h5
16.Re1 Qe7 17.Nf1 Rd8 18.Qd3 Ne8 19.Rad1 Bh6 20.Bf3 Kh7 21.Ne3 Qg5 22.Kf1 Ra6
23.Ke2 Bd7 24.Rh1 Qf6 25.h4 Qb6 26.Rb1 Qf6 27.g3 Qe7 28.Bg2 Ng7 29.Kd2 f5
30.Kc2 Rf6 31.Rbe1 f4 32.Ned1 Bg4 33.f3 Bc8 34.gxf4 Rxf4 35.Bh3 Bxh3 36.Rxh3 Rxh4
37.Rxh4 Qxh4 38.Qe2 Qf4 39.Rf1 Ne6 40.Kb1 Nd4 41.Qg2 Rf8 42.Ka2 g5 43.Nb5 Nxb5
44.cxb5 g4 45.b6 cxb6 46.Nc3 gxf3 47.Qh1 b5 48.Qxh5 b4 49.Nb5 Qxe4 50.Rh1 Qxd5+  0-1

[Event "ECI IMJ 25th"]
[Site "Sas Van Gent"]
[Date "1998.??.??"]
[Round "6"]
[White "Goormachtigh, Johan"]
[Black "Sepp, Olav"]
[Result "0-1"]
[WhiteElo "2280"]
[BlackElo "2380"]

1.d4 Nf6 2.c4 g6 3.Nc3 Bg7 4.e4 d6 5.Be2 O-O 6.Nf3 e5 7.O-O Qe8 8.dxe5 dxe5
9.Be3 b6 10.Nd5 Na6 11.Nd2 Nd7 12.Qa4 Bb7 13.b4 c6 14.Nc3 Nc7 15.c5 Qe7 16.Nb3 Rfb8
17.Qa3 a5 18.bxa5 b5 19.Nd1 f5 20.f3 Nf6 21.Nf2 Ne6 22.Rad1 Bf8 23.exf5 gxf5
24.Nd3 Nd5 25.Bf2 Qg7 26.Qb2 Re8 27.Rfe1 e4 28.Qxg7+ Bxg7 29.fxe4 fxe4 30.Bg4 Nf8
31.Ndc1 Bc3 32.Re2 b4 33.Bf5 e3 34.Bg3 Ng6 35.Rf1 Ne5 36.Bxe5 Rxe5 37.Bxh7+ Kxh7
38.Rf7+ Kg6 39.Rxb7 Nf4 40.Rc2 e2 41.Nxe2 Nxe2+ 42.Kh1 Ng3+ 43.Kg1 Re1+ 44.Kf2 Nh1+
45.Kf3 Rf8+ 46.Kg4 Re4+ 47.Kh3 Rh8+  0-1

[Event "Liechtenstein op"]
[Site "Schaan"]
[Date "1998.??.??"]
[Round "9"]
[White "Pribyl, Martin"]
[Black "Roemer, Uli"]
[Result "1-0"]
[WhiteElo "2350"]
[BlackElo "2285"]

1.Nf3 g6 2.c4 Bg7 3.Nc3 Nf6 4.d4 O-O 5.e4 d6 6.Be2 e5 7.O-O exd4 8.Nxd4 Re8
9.f3 Nc6 10.Be3 Nh5 11.f4 Nf6 12.Nxc6 bxc6 13.Bf3 Nxe4 14.Nxe4 Bf5 15.Nxd6 cxd6
16.Bd4 Be4 17.Bxg7 Kxg7 18.Bxe4 Rxe4 19.f5 Rxc4 20.f6+ Kh8 21.Qd2 Re4 22.Rac1 Qb6+
23.Kh1 d5 24.Rc3 Rg8 25.Qh6 Qf2 26.Qc1 Qe2 27.Rxc6 d4 28.Rc2 Qa6 29.b3 d3
30.Rd2 Re2 31.Qd1 Rxd2 32.Qxd2 Re8 33.h3 Re6 34.Qh6  1-0

[Event "Staufer op 10th"]
[Site "Schwaebisch Gmuend"]
[Date "1998.??.??"]
[Round "4"]
[White "Prusikin, Mikhajlo"]
[Black "Sonnberger, Reinhard"]
[Result "1-0"]
[WhiteElo "2430"]
[BlackElo "2290"]

1.d4 Nf6 2.c4 g6 3.Nc3 Bg7 4.e4 d6 5.Nf3 O-O 6.Be2 e5 7.d5 a5 8.h3 Na6 9.Bg5 Nc5
10.Qc2 h6 11.Be3 Ne8 12.g4 f5 13.gxf5 gxf5 14.Rg1 Qf6 15.Nd2 f4 16.Bxc5 dxc5
17.Bg4 Bxg4 18.hxg4 Nd6 19.Nf3 Nxc4 20.Nb5 Ne3 21.Qe2 Nxd5 22.g5 Qxg5 23.exd5  1-0

[Event "Seefeld op 9th"]
[Site "Seefeld"]
[Date "1998.??.??"]
[Round "7"]
[White "Igney, Volkhard"]
[Black "Bente, Bjoern"]
[Result "0-1"]
[WhiteElo "2225"]
[BlackElo "2150"]

1.d4 Nf6 2.c4 g6 3.Nc3 Bg7 4.e4 d6 5.Be2 O-O 6.Nf3 e5 7.Be3 Nbd7 8.d5 Nh5
9.g3 a5 10.O-O Nc5 11.Kg2 Nf6 12.Nd2 Ne8 13.a3 f5 14.b4 axb4 15.axb4 Rxa1
16.Qxa1 Na6 17.b5 Nc5 18.Na4 Nxa4 19.Qxa4 f4 20.Ba7 b6 21.Bb8 Bh6 22.Nf3 g5
23.Ng1 g4 24.f3 fxg3 25.hxg3 Be3 26.Qb3 Bc5 27.f4 exf4 28.gxf4 Nf6 29.e5 Nh5
30.e6 Nxf4+ 31.Rxf4 Rxf4 32.Qg3 Qg5 33.Nh3 gxh3+ 34.Kxh3 Qxg3+ 35.Kxg3 Re4
36.Bh5 Kf8 37.Bxc7 Ke7  0-1

[Event "RUS-ch"]
[Site "Sochi"]
[Date "1998.??.??"]
[Round "7"]
[White "Doroshkievich, Vladimir K"]
[Black "Rutman, A."]
[Result "1/2-1/2"]
[WhiteElo "2370"]
[BlackElo "2320"]

1.d4 Nf6 2.c4 g6 3.Nc3 Bg7 4.e4 d6 5.Nf3 O-O 6.Be2 e5 7.d5 Nbd7 8.Be3 Nc5
9.Nd2 a5 10.a3 Ne8 11.O-O f5 12.f3 f4 13.Bf2 g5 14.b4 axb4 15.axb4 Rxa1 16.Qxa1 Na6
17.Rb1 Qe7 18.c5 dxc5 19.bxc5 Nxc5 20.Qa3 b6 21.Na4 Nd6 22.Nxc5 bxc5 23.Bxc5 Rd8
24.Rb8 Bf8 25.Nc4 Re8 26.Qa7 Qd7 27.Nxd6 cxd6 28.Bb5 Qxa7 29.Bxa7 Re7 30.Bb6 Rb7
31.Rxb7 Bxb7 32.Bd8 h6 33.Be8 Bc8 34.Bh5 Bd7 35.Kf2 Bg7 36.Ke2 Kf8 37.Kd3 Be8
38.Bxe8 Kxe8 39.Ba5 Kd7 40.Kc4  1/2-1/2

[Event "Solin"]
[Site "Solin"]
[Date "1998.??.??"]
[Round "5"]
[White "Giorgadze, Giorgi"]
[Black "Kozul, Zdenko"]
[Result "1/2-1/2"]
[WhiteElo "2605"]
[BlackElo "2585"]

1.d4 Nf6 2.c4 g6 3.Nc3 Bg7 4.Nf3 O-O 5.e4 d6 6.Be2 e5 7.Be3 Nbd7 8.O-O h6
9.Ne1 Nh7 10.d5 f5 11.exf5 gxf5 12.f4 exf4 13.Bxf4 Ne5 14.Nf3 Ng5 15.Nd4 Bd7
16.Kh1 a6 17.Qd2 Qf6 18.Rad1 Rae8 19.Bg3 Qg6 20.Qc2  1/2-1/2

[Event "POL-ch (Women)"]
[Site "Sopot"]
[Date "1998.??.??"]
[Round "?"]
[White "Zielinska, Marta"]
[Black "Dworakowska, Joanna"]
[Result "1/2-1/2"]
[WhiteElo "2350"]
[BlackElo "2355"]

1.d4 Nf6 2.Nf3 g6 3.c4 Bg7 4.Nc3 O-O 5.e4 d6 6.Be2 e5 7.O-O Na6 8.Bg5 h6
9.Bh4 Qe8 10.Bxf6 Bxf6 11.c5 Nb4 12.Nb5 Qe7 13.cxd6 cxd6 14.Qd2 a5 15.a3 Nc6
16.d5 Nd4 17.Nfxd4 exd4 18.Bf3 Bd7 19.Nxd4 Qe5 20.Rad1 Rfc8 21.Qe2 Rc7 22.g3 Rac8
23.Rd2 Qe8 24.Qd3 Rc4 25.Nc6 Rc5 26.Nd4 Rc4 27.Nc6 Rc5 28.Nd4  1/2-1/2

[Event "ROM-chT"]
[Site "Sovata"]
[Date "1998.??.??"]
[Round "3"]
[White "Vajda, Albert"]
[Black "Milu, Romeo Sorin"]
[Result "1/2-1/2"]
[WhiteElo "2400"]
[BlackElo "2395"]

1.d4 Nf6 2.Nf3 g6 3.c4 Bg7 4.Nc3 O-O 5.e4 d6 6.Be2 e5 7.d5 a5 8.h3 Na6 9.Bg5 c6
10.O-O Nc5 11.Nd2  1/2-1/2

[Event "ROM-chT"]
[Site "Sovata"]
[Date "1998.??.??"]
[Round "4"]
[White "Kocsis, Levente"]
[Black "Grigore, George"]
[Result "1/2-1/2"]
[WhiteElo "2370"]
[BlackElo "2480"]

1.Nf3 Nf6 2.c4 g6 3.Nc3 Bg7 4.d4 O-O 5.e4 d6 6.Be2 Na6 7.O-O e5 8.Rb1 exd4
9.Nxd4 Re8 10.f3 c6 11.Kh1 Nh5 12.g4 Nf6 13.Bf4 h5 14.g5 Nh7 15.Rg1 Nc5 16.Qd2 a5
17.Nc2 a4 18.Be3  1/2-1/2

[Event "St Helier op"]
[Site "St Helier"]
[Date "1998.??.??"]
[Round "4"]
[White "Peters, Stephen G"]
[Black "Cherniaev, Alexander"]
[Result "0-1"]
[WhiteElo "2155"]
[BlackElo "2465"]

1.d4 Nf6 2.c4 g6 3.Nc3 Bg7 4.e4 d6 5.Nf3 O-O 6.Be2 Nbd7 7.O-O e5 8.Re1 c6
9.Bf1 h6 10.d5 c5 11.a3 Ne8 12.g3 f5 13.h3 Qf6 14.Bg2 Qf7 15.b4 a5 16.bxa5 Rxa5
17.Rb1 Ra6 18.Nd2 Ndf6 19.Kh2 Nh7 20.Rb3 f4 21.Rf1 h5 22.Bf3 Ng5 23.g4 Nf6
24.Be2 hxg4 25.Bxg4 Nxg4+ 26.hxg4 f3 27.Rg1 Bf6 28.Rg3 Qh7+ 29.Kg1 Nh3+ 30.Kf1 Nxf2
31.Qe1 Nd3 32.Qd1 Qh1+ 33.Rg1 Qh3+  0-1

[Event "Petrov mem"]
[Site "St Petersburg"]
[Date "1998.??.??"]
[Round "8"]
[White "Driamin, Dmitrij"]
[Black "Klimov, Sergey"]
[Result "1/2-1/2"]
[WhiteElo "2230"]
[BlackElo "2365"]

1.c4 g6 2.Nc3 Bg7 3.d4 Nf6 4.e4 O-O 5.Be2 d6 6.Nf3 e5 7.dxe5 dxe5 8.Qxd8 Rxd8
9.Bg5 Re8 10.Nd5 Nxd5 11.cxd5 c6 12.Bc4  1/2-1/2

[Event "Petrov mem"]
[Site "St Petersburg"]
[Date "1998.??.??"]
[Round "9"]
[White "Komarov, Anatoly"]
[Black "Kazakov, Vladimir"]
[Result "0-1"]
[WhiteElo "2060"]
[BlackElo "2320"]

1.d4 Nf6 2.c4 g6 3.Nc3 Bg7 4.e4 O-O 5.Nf3 d6 6.Be2 e5 7.O-O Nbd7 8.Qc2 a5
9.Rd1 Re8 10.dxe5 dxe5 11.Bg5 c6 12.a3 Qe7 13.Rab1 h6 14.Be3 Ng4 15.Bc1 Qc5
16.Bf1 Nf8 17.h3 Nf6 18.Be3 Qe7 19.Na4 N6d7 20.b4 Ne6 21.c5 Nd4 22.Nxd4 exd4
23.Bxd4 Qxe4 24.Qb2 Bxd4 25.Rxd4 Qe5 26.Qd2 axb4 27.Qxb4 b5 28.Nc3 Qxc5 29.Qxc5 Nxc5
30.a4 Nxa4 31.Nxb5 Bf5 32.Rc1 cxb5 33.Bxb5 Re4 34.Rxe4 Bxe4 35.Rc4 Bxg2 36.Kxg2 Nb6
37.Rc7 Rb8 38.Bc6 Rf8 39.Rb7 Nc8 40.Rb8 Ne7 41.Rxf8+ Kxf8 42.Be4 f5 43.Bb7 g5
44.Kg3 Kg7 45.Ba6 Ng6 46.Bc4 Kf6 47.Bb5 h5 48.f3 Ke6 49.Bc6 h4+ 50.Kf2 Nf4  0-1

[Event "SVK-chT1W 9798"]
[Site "SVK"]
[Date "1998.??.??"]
[Round "?"]
[White "Jakubek, Peter"]
[Black "Kundrik, Peter"]
[Result "0-1"]
[WhiteElo "2265"]
[BlackElo "2210"]

1.d4 Nf6 2.Nf3 g6 3.c4 Bg7 4.Nc3 d6 5.e4 O-O 6.Be2 e5 7.O-O Nbd7 8.d5 Nc5
9.Qc2 a5 10.b3 Nh5 11.g3 f5 12.Nd2 Nf6 13.a3 Bd7 14.Bb2 Bh6 15.f4 exf4 16.b4 axb4
17.axb4 Rxa1 18.Bxa1 Ncxe4 19.Ncxe4 fxe4 20.Nxe4 Nxe4 21.Qxe4 fxg3 22.Rxf8+ Qxf8
23.hxg3 Bg7 24.Bg4 Bxg4 25.Bxg7 Kxg7 26.Qxg4 b6 27.Qd7+ Qf7 28.Qc6 Kh6 29.Kg2 Qe7
30.Kf3 Kg5 31.Qa8 Qf7+ 32.Kg2 Qe7 33.Qa2 Qe4+ 34.Kh3 Qh1+ 35.Qh2 Qxh2+ 36.Kxh2 Kf5  0-1

[Event "SVK-chT1W 9899"]
[Site "SVK"]
[Date "1998.??.??"]
[Round "1"]
[White "Veselsky, Jozef"]
[Black "Sladecek, Jan"]
[Result "1-0"]
[WhiteElo "2275"]
[BlackElo "2185"]

1.d4 Nf6 2.Nf3 g6 3.c4 Bg7 4.Nc3 O-O 5.e4 d6 6.Be2 e5 7.dxe5 dxe5 8.Qxd8 Rxd8
9.Bg5 c6 10.O-O Re8 11.Rad1 h6 12.Be3 Nbd7 13.Nd2 Nf8 14.f3 Ne6 15.g3 Nd4
16.Bd3 Be6 17.Ne2 Rad8 18.Nb3 Nxb3 19.axb3 a6 20.Bb6 Rc8 21.Nc3 Nd7 22.Be3 Bf8
23.Na4 b5 24.Nb6 Nxb6 25.Bxb6 Rb8 26.c5 Bxb3 27.Ra1 Rb7 28.Rfc1 Ra8 29.Kf2 Rd7
30.Ke2 Be7 31.Ra3 Be6 32.Rca1 Rd4 33.b3 Kg7 34.Bc2 Rb4 35.Kd2 Rd4+ 36.Ke1 h5
37.Rxa6 Rxa6 38.Rxa6 Bg5 39.Ba5 Rd8 40.Bxd8  1-0

[Event "SVK-chT1W 9899"]
[Site "SVK"]
[Date "1998.??.??"]
[Round "1"]
[White "Hanko, Pavel"]
[Black "Kundrik, Peter"]
[Result "1/2-1/2"]
[WhiteElo "2245"]
[BlackElo "2130"]

1.d4 Nf6 2.Nf3 g6 3.c4 Bg7 4.Nc3 d6 5.e4 O-O 6.Be2 e5 7.O-O Nbd7 8.Re1 Re8
9.d5 Nc5 10.Bf1 a5 11.b3 Nh5 12.g3 f5 13.exf5 Bxf5 14.Nh4 Bd7 15.Be3 b6 16.Qd2 Rf8
17.Bg2 Nf4 18.Bf1 Bg4 19.Rac1 Rf7 20.f3 Bd7 21.Ne4 Rf8 22.Kh1 Nh5 23.Bg2 Nf4
24.Bf1 Nh5 25.Bg2 Nf4  1/2-1/2

[Event "SVK-chT 9899"]
[Site "SVK"]
[Date "1998.??.??"]
[Round "2"]
[White "Kiss, P."]
[Black "Likavsky, Tomas"]
[Result "0-1"]
[WhiteElo "2435"]
[BlackElo "2315"]

1.d4 Nf6 2.c4 g6 3.Nc3 Bg7 4.e4 d6 5.Nf3 O-O 6.Be2 e5 7.d5 Na6 8.Bg5 h6 9.Bh4 g5
10.Bg3 Nh5 11.Nd2 Nf4 12.O-O Nxe2+ 13.Qxe2 f5 14.exf5 Bxf5 15.Nde4 b6 16.f3 Nc5
17.b4 Nd7 18.Bf2 Nf6 19.g4 Nxe4 20.Nxe4 Bg6 21.Be3 Qd7 22.h3 Qa4 23.a3 Rf7
24.Qd1 Qxd1 25.Raxd1 Raf8 26.Nd2 Bc2 27.Rde1 Rc8 28.Rf2 Bd3 29.c5 dxc5 30.bxc5 Rd8
31.d6 bxc5 32.d7 Rdxd7 33.Bxc5 a6 34.Kg2 Bb5 35.Ne4 Rd3 36.Re3 Rfd7 37.Rxd3 Rxd3
38.Rc2 Ba4 39.Rc3 Rxc3 40.Nxc3 Bc6 41.Kf2 Kf7 42.Ke3 a5 43.Ne2 Bf8 44.Bxf8 Kxf8
45.Ng3 Kf7 46.Nf5 Bd7 47.Ke4 Kf6 48.Ng3 Bc6+ 49.Ke3 Bd5 50.Nh5+ Kf7 51.Ng3 c5
52.Nf5 Kf6 53.Nd6 Ke6 54.Nf5 c4 55.Nxh6 c3 56.Nf5 Bxf3 57.Kd3 Be4+  0-1

[Event "SVK-chT 9899"]
[Site "SVK"]
[Date "1998.??.??"]
[Round "3"]
[White "Mrva, Martin"]
[Black "Komora, Andrej"]
[Result "1-0"]
[WhiteElo "2445"]
[BlackElo "2320"]

1.d4 Nf6 2.c4 g6 3.Nc3 Bg7 4.e4 d6 5.Nf3 O-O 6.Be2 e5 7.d5 Ne8 8.h4 Bg4 9.Ng5 Bxe2
10.Qxe2 h6 11.Nf3 Nf6 12.Nh2 Nbd7 13.g4 h5 14.Bg5 Qc8 15.f3 c6 16.O-O-O cxd5
17.cxd5 a6 18.Kb1 b5 19.Rc1 Qb7 20.Nd1 Rfc8 21.Nf2 Rxc1+ 22.Rxc1 Rc8 23.Nf1 Rxc1+
24.Bxc1 hxg4 25.fxg4 Qc8 26.Ng3 Nc5 27.h5 b4 28.hxg6 fxg6 29.g5 Nfd7 30.Nf1 b3
31.Be3 bxa2+ 32.Kxa2 Qb7 33.Qc4 a5 34.Nd2 Bf8 35.Nd3 Nxd3 36.Qxd3 Be7 37.Qb3 Qc8
38.Qb5 Qd8 39.Nc4 Nf8 40.Qxa5 Qxa5+ 41.Nxa5 Nh7 42.b4 Bxg5 43.Bg1 Nf6 44.b5 Nxe4
45.b6 Bd8 46.b7 Bc7 47.Bb6 Bb8 48.Nc6 Nc3+ 49.Kb3 Nxd5 50.Bd8  1-0

[Event "SVK-chT 9899"]
[Site "SVK"]
[Date "1998.??.??"]
[Round "3"]
[White "Hlinka, A."]
[Black "Ac, Michal"]
[Result "1-0"]
[WhiteElo "2190"]
[BlackElo "2265"]

1.d4 Nf6 2.c4 g6 3.Nc3 Bg7 4.e4 O-O 5.Nf3 d6 6.Be2 e5 7.O-O exd4 8.Nxd4 Re8
9.f3 c6 10.Be3 d5 11.Nc2 dxe4 12.Qxd8 Rxd8 13.Rad1 Re8 14.fxe4 Nbd7 15.Bf3 Ne5
16.b3 Nfd7 17.Na4 b5 18.cxb5 cxb5 19.Nc5 Nxc5 20.Bxc5 Bb7 21.Ne3 Rac8 22.b4 Nxf3+
23.gxf3 f5 24.Rd7 Bc6 25.Rxa7 fxe4 26.fxe4 Bxe4 27.Rff7 Bh6 28.Ng4 Bg5 29.Rg7+  1-0

[Event "SVK-chT1E 9899"]
[Site "SVK"]
[Date "1998.??.??"]
[Round "3"]
[White "Mrva, Martin"]
[Black "Szuk, Balazs"]
[Result "1-0"]
[WhiteElo "2415"]
[BlackElo "2435"]

1.d4 Nf6 2.c4 g6 3.Nc3 Bg7 4.e4 d6 5.Nf3 O-O 6.Be2 e5 7.d5 a5 8.Be3 Na6 9.Nd2 Ne8
10.O-O f5 11.f3 f4 12.Bf2 h5 13.a3 Rf7 14.b4 Bf8 15.c5 Rg7 16.c6 b6 17.Nc4 g5
18.bxa5 b5 19.Nxb5 g4 20.fxg4 hxg4 21.g3 Qg5 22.Ra2 Nf6 23.Bd3 Qh6 24.gxf4 exf4
25.Bd4 g3 26.Qf3 Qh3 27.Rg2 Bg4 28.Qxf4 gxh2+ 29.Kh1 Nh5 30.Qe3 Qxe3 31.Nxe3 Bh3
32.Bxg7 Bxg2+ 33.Kxg2 Bxg7 34.Ng4 Nc5 35.Be2 Rxa5 36.Kxh2 Ra4 37.Rf5 Rxe4
38.Bf3 Rf4 39.Rxf4 Nxf4 40.Nxc7 Ncd3 41.Nb5 Ne5 42.c7 Nxf3+ 43.Kg3  1-0

[Event "SVK-chT 9899"]
[Site "SVK"]
[Date "1998.??.??"]
[Round "3"]
[White "Kiss, P."]
[Black "Salai, Ladislav"]
[Result "1/2-1/2"]
[WhiteElo "2435"]
[BlackElo "2430"]

1.d4 Nf6 2.c4 g6 3.Nc3 Bg7 4.e4 d6 5.Nf3 O-O 6.Be2 e5 7.d5 a5 8.Bg5 h6 9.Bh4 Qe8
10.Nd2 Nh7 11.O-O Bf6 12.Bxf6  1/2-1/2

[Event "SVK-chT 9899"]
[Site "SVK"]
[Date "1998.??.??"]
[Round "4"]
[White "Krivoshey, Sergei"]
[Black "Likavsky, Tomas"]
[Result "0-1"]
[WhiteElo "2460"]
[BlackElo "2315"]

1.Nf3 d6 2.d4 g6 3.c4 Bg7 4.Nc3 Nf6 5.e4 O-O 6.Be2 e5 7.O-O Na6 8.Be3 Ng4
9.Bg5 Qe8 10.dxe5 dxe5 11.Nd2 h6 12.Bh4 f5 13.exf5 gxf5 14.Bxg4 fxg4 15.Nde4 Be6
16.Qe2 Qh5 17.Bg3 Rad8 18.b3 Nb4 19.Nb5 Bf5 20.Rad1 Qg6 21.f3 gxf3 22.gxf3 Nc6
23.Kh1 Rxd1 24.Rxd1 a6 25.Nbc3 Nd4 26.Qg2 Kh7 27.Bf2 Bh8 28.Qxg6+ Bxg6 29.Rd3 Bh5
30.Nd2 Nxf3 31.Rd7+ Kg6 32.Bg3 Nxd2 33.Rxd2 Rf7 34.Kg1 Bf3 35.Nd5 c6 36.Ne3 Bg7
37.Rd6+ Kh7 38.Kf2 Bf8 39.Bxe5 Bxd6 40.Bxd6 Be4+ 41.Ke2 Rg7 42.Bg3 Rd7 43.Ng4 Kg7
44.Ne5 Rd8 45.a3 Bc2 46.b4 Rd1 47.c5 Rd5 48.Ke3 a5 49.Nc4 Rd3+ 50.Ke2 a4
51.Bd6 Kh7 52.Be5 Rb3 53.Kd2 Bd3 54.Na5 Rxa3 55.Nxb7 Ba6 56.Nd6 Rf3 57.Kc2 Kg6
58.Kb2 Re3 59.Bg3 Rb3+ 60.Ka2 Rxb4 61.Ka3 Rg4 62.Be1 Bb5 63.Bg3 h5 64.Be1 Rf4
65.Bg3 Rd4 66.Nc8 h4 67.Be5 Re4 68.Bd6 h3 69.Nb6 Re3+ 70.Ka2 Kf5 71.Bc7 Ke4
72.Bb8 Kd4 73.Bd6 Bc4+ 74.Ka1 a3  0-1

[Event "SVK-chT 9798"]
[Site "SVK"]
[Date "1998.??.??"]
[Round "5"]
[White "Hrivnak, Martin"]
[Black "Svoboda, Svatopluk"]
[Result "1/2-1/2"]
[WhiteElo "2165"]
[BlackElo "2125"]

1.Nf3 Nf6 2.c4 g6 3.Nc3 Bg7 4.e4 d6 5.d4 O-O 6.Be2 e5 7.dxe5 dxe5 8.Qxd8 Rxd8
9.Bg5 Re8 10.Nd5 Nxd5 11.cxd5 c6 12.Bc4 cxd5 13.Bxd5 Nc6 14.O-O Be6 15.Rfd1 Bxd5
16.exd5 Nd4 17.Nxd4 exd4 18.f4 f6 19.Bh4 Re4 20.Bf2 f5 21.Bh4 h6 22.g3 Kf7
23.Rac1 Bf6 24.Rc7+ Re7 25.Rxe7+ Bxe7 26.Bxe7 Kxe7 27.Rxd4 Rc8 28.Rd2 Kd6
29.Kf2 Rc5 30.Ke3 Rxd5 31.Rd4 Rxd4 32.Kxd4 b6 33.b3 a6 34.a3 Ke6 35.a4 Kd6
36.Kc4 Kc6 37.b4 Kd6 38.Kd4 Ke6 39.Kc4 Kd6 40.Kd4 Ke6 41.Kc4 Kd6  1/2-1/2

[Event "SVK-chT 9798"]
[Site "SVK"]
[Date "1998.??.??"]
[Round "10"]
[White "Dobrotka, Martin"]
[Black "Balogh, Tomas"]
[Result "0-1"]
[WhiteElo "2235"]
[BlackElo "2400"]

1.d4 Nf6 2.c4 g6 3.Nc3 Bg7 4.e4 d6 5.Nf3 O-O 6.Be2 e5 7.O-O exd4 8.Nxd4 Re8
9.f3 Nc6 10.Be3 Nh5 11.Nxc6 bxc6 12.Qd2 c5 13.Rad1 Bb7 14.g4 Nf6 15.Bh6 Bh8
16.Bg5 Qd7 17.Kg2 Qe6 18.b3 a5 19.Nd5 Nxd5 20.cxd5 Qe5 21.Bf4 Qc3 22.Bc4 Reb8
23.Qxc3 Bxc3 24.Rd3 Bd4 25.Be3 Bg7 26.Rf2 a4 27.f4 axb3 28.Rxb3 Ra4 29.Rc2 f5
30.Kf3 fxe4+ 31.Ke2 Raa8 32.Bc1 Bc8 33.h3 Rxb3 34.axb3 h5 35.g5 Bxh3 36.Bb5 Bg4+
37.Kd2 Bd4 38.Bc6 Ra1 39.Be8 e3+  0-1

[Event "SWE-chT 9899"]
[Site "Sweden"]
[Date "1998.??.??"]
[Round "5"]
[White "Lyrberg, Patrik"]
[Black "Sandstrom, Ludvig"]
[Result "1-0"]
[WhiteElo "2430"]
[BlackElo "2325"]

1.c4 g6 2.d4 Nf6 3.Nf3 Bg7 4.Nc3 O-O 5.e4 d6 6.Be2 e5 7.d5 a5 8.Bg5 h6 9.Bh4 Na6
10.Nd2 Bd7 11.a3 Qe8 12.b3 Nh7 13.Rb1 h5 14.f3 Bh6 15.O-O Be3+ 16.Bf2 Bc5
17.Bxc5 dxc5 18.Qc2 Qe7 19.f4 exf4 20.Rxf4 Qg5 21.Rbf1 Rae8 22.Qc1 Qh6 23.Bd3 Nb8
24.Bb1 Re7 25.h3 g5 26.R4f2 g4 27.h4 Re5 28.Rf4 Be8 29.Nf3 gxf3 30.Rg4+ Ng5
31.Rxg5+ Rxg5 32.hxg5 f2+ 33.Rxf2 Qg7 34.e5 Qxe5 35.Ne4 Kg7 36.Nxc5 Qd4 37.Nxb7 Nd7
38.Nxa5 Ne5 39.Qb2 Qe3 40.Qd2 Qg3 41.Qf4 Qc3 42.Bf5  1-0

[Event "SVE-chT 9798"]
[Site "Sweden"]
[Date "1998.??.??"]
[Round "8"]
[White "Ronneland, Daniel"]
[Black "Couso, Luis"]
[Result "1-0"]
[WhiteElo "2320"]
[BlackElo "2235"]

1.d4 Nf6 2.c4 g6 3.Nc3 Bg7 4.e4 d6 5.Nf3 O-O 6.Be2 Nbd7 7.O-O e5 8.Be3 c6
9.Qc2 Ng4 10.Bg5 f6 11.Bh4 h5 12.dxe5 dxe5 13.Nd2 Nc5 14.h3 Nh6 15.b4 Ne6
16.c5 Nd4 17.Bc4+ Kh7 18.Qd3 Nf7 19.Ne2 b6 20.Nxd4 Qxd4 21.Qxd4 exd4 22.f4 Nd8
23.Nb3 f5 24.e5 Be6 25.Rac1 b5 26.Bxe6 Nxe6 27.Rcd1 Bh6 28.Nxd4 Nxf4 29.Nxc6 Rf7
30.Nd8 Rc7 31.e6 Ne2+ 32.Kf2 g5 33.Kxe2 gxh4 34.Rd7+ Rxd7 35.exd7 Rxd8 36.c6 Rg8
37.c7  1-0

[Event "Szeged TT08 IM"]
[Site "Szeged"]
[Date "1998.??.??"]
[Round "9"]
[White "Suvrajit, Saha"]
[Black "Paschall, William M"]
[Result "1/2-1/2"]
[WhiteElo "2345"]
[BlackElo "2365"]

1.d4 Nf6 2.c4 g6 3.Nc3 Bg7 4.e4 d6 5.Nf3 O-O 6.Be2 Na6 7.O-O e5 8.dxe5 dxe5
9.Qxd8 Rxd8 10.Be3 Re8  1/2-1/2

[Event "EST-chT"]
[Site "Tallinn"]
[Date "1998.??.??"]
[Round "4"]
[White "Heuer, Valter"]
[Black "Cheutshenko, Robert"]
[Result "0-1"]
[WhiteElo "2305"]
[BlackElo "2365"]

1.d4 Nf6 2.c4 g6 3.Nc3 Bg7 4.e4 d6 5.Nf3 O-O 6.Be2 e5 7.dxe5 dxe5 8.Qxd8 Rxd8
9.Bg5 c6 10.O-O Re8 11.Rfd1 h6 12.Be3 Na6 13.h3 Bf8 14.a3 Nc5 15.Bxc5 Bxc5
16.b4 Bf8 17.c5 b6 18.b5 Bxc5 19.bxc6 Re6 20.Bc4 Rxc6 21.Nxe5 Rc7 22.Rd8+ Kg7
23.Nd5 Nxd5 24.Bxd5 Bb7 25.Rxa8 Bxa8 26.Rd1 Bxd5 27.exd5 Bd6 28.Nc6 Bxa3
29.Ra1 Bc5 30.Rxa7 Rxa7 31.Nxa7 Kf6 32.Nc6 Kf5 33.Nd8 Ke4 34.Nxf7 Kxd5 35.Kf1 Bf8
36.Nh8 g5 37.Ng6 Bd6 38.g4 b5 39.Ke2 Ke4 40.f3+ Kd4 41.Kd2 Bb4+ 42.Ke2 Kc3
43.f4 Bc5 44.fxg5 hxg5 45.Ne5 Bd6 46.Nc6 Bg3 47.Kd1 Kd3 48.Kc1 Kc3 49.Kb1 Bd6
50.Nd8 Be5 51.Nf7 Bf6 52.Nd6 Kb4 53.Kc2 Be5 54.Ne4 Bf4  0-1

[Event "EST-chT"]
[Site "Tallinn"]
[Date "1998.??.??"]
[Round "7"]
[White "Krivonosov, Oleg"]
[Black "Cheutshenko, Robert"]
[Result "1-0"]
[WhiteElo "2435"]
[BlackElo "2365"]

1.Nf3 Nf6 2.c4 g6 3.Nc3 Bg7 4.e4 d6 5.d4 O-O 6.Be2 e5 7.dxe5 dxe5 8.Qxd8 Rxd8
9.Bg5 c6 10.Nxe5 Re8 11.O-O-O Na6 12.Rd6 Be6 13.f4 Nc5 14.Bf3 Nh5 15.Bxh5 gxh5
16.Nd3 Bxc3 17.Nxc5 Bb4 18.Nxb7 Bc8 19.a3 Rxe4 20.axb4 Rxc4+ 21.Kd2 Bxb7
22.Re1 Rxb4 23.Re7 Ba6 24.Bf6 Bb5 25.Rxa7 Rf8 26.g3 Re4 27.Re7 Rxe7 28.Bxe7 Re8
29.Bf6 h6 30.f5 Kh7 31.Bd4 Re2+ 32.Kc3 Re8 33.Rf6 Re7 34.Rd6 Re8 35.b3 h4
36.gxh4 h5 37.h3 Rc8 38.Be5 Re8 39.Bd4 Rc8 40.Be5 Re8 41.Kd4 c5+ 42.Ke4 c4
43.bxc4 Bxc4 44.Kf4 Rg8 45.Rc6 Bd5 46.Rc5 Bb3 47.Rc7 Rg2 48.Rc8 Rg8 49.Rc3 Bd5
50.Bf6 Re8 51.Rd3 Bc4 52.Rg3 Rg8 53.Rc3 Ba2 54.Bg5 Kg7 55.Rc6 Re8 56.Be7 Bb1
57.Kg5 Rg8 58.Rc7 Ra8 59.Rc5 Re8 60.Re5 Bd3 61.Re3 Kh7 62.Rxd3 Rxe7 63.Kf6 Ra7
64.Re3 Rb7 65.Re8 Ra7 66.Rf8 Ra3 67.Rxf7+ Kh6 68.Re7 Ra5 69.Re8 Ra6+ 70.Kf7 Ra7+
71.Re7 Ra4 72.Re6+ Kh7 73.f6 Ra7+ 74.Re7 Ra8 75.Re8 Ra6 76.Re6 Ra7+ 77.Kf8 Kg6
78.f7+ Kh7 79.Re2 Ra8+ 80.Ke7 Ra7+ 81.Kf6 Ra6+ 82.Re6 Ra8 83.Re8  1-0